|
|
|
|
| LEADER |
00986nam a22002777a 4500 |
| 001 |
30830 |
| 003 |
BD-DhAAL |
| 005 |
20160208130857.0 |
| 008 |
160208s20092004enk||||| b||| 001 0 eng d |
| 020 |
|
|
|a 9780335211500
|
| 020 |
|
|
|a 9780335211517
|
| 040 |
|
|
|a BD-DhAAL
|c BD-DhAAL
|
| 082 |
|
|
|2 22
|a 306.483
|
| 245 |
|
|
|a Critical readings :
|b sport, culture and the media /
|c Edited by David Rowe
|
| 264 |
|
|
|a Berkshire :
|b Open University Press,
|c 2004 [Reprinted 2009]
|
| 300 |
|
|
|a xviii, 363 p. :
|c 23 cm.
|
| 490 |
|
|
|a Issues in cultural and media studies
|
| 504 |
|
|
|a Includes bibliographical references and index.
|
| 526 |
|
|
|a Jaatri
|
| 541 |
|
|
|e 30830
|
| 650 |
|
|
|a Mass media and sports
|9 17872
|
| 700 |
|
|
|a Rowe, David
|9 17873
|
| 852 |
|
|
|a Ayesha Abed Library
|c General Stacks
|
| 942 |
|
|
|2 ddc
|c BK
|
| 999 |
|
|
|c 36807
|d 36807
|
| 952 |
|
|
|0 0
|1 0
|2 ddc
|4 0
|6 306_483000000000000_CRI
|7 0
|9 57929
|a BRACUL
|b BRACUL
|c GEN
|d 2016-02-08
|e Jaatri
|l 0
|o 306.483 CRI
|p 3010030830
|r 2016-02-08
|t 1
|w 2016-02-08
|y BK
|